[Event "Gibraltar Open"]
[Site "Caleta ENG"]
[Date "2012.02.01"]
[Round "9.44"]
[White "Khurtsidze, Nino"]
[Black "Soumya, Swaminathan"]
[Result "0-1"]
[WhiteTitle "IM"]
[BlackTitle "WGM"]
[WhiteElo "2444"]
[BlackElo "2280"]
[WhiteFideId "13600320"]
[BlackFideId "5016193"]
[EventDate "2012.01.24"]

1. d4 Nf6 2. Nf3 g6 3. Nbd2 c5 4. e3 Bg7 5. Bd3 b6 6. O-O Bb7 7. b3 O-O 8. Bb2
cxd4 9. exd4 Nc6 10. a3 d6 11. Re1 Re8 12. Nc4 a6 13. Qd2 b5 14. Ne3 d5 15. Rad1
Qb6 16. Ne5 Rad8 17. f4 e6 18. Kh1 Ne4 19. Qe2 Rf8 20. N3g4 h5 21. Bxe4 dxe4 22.
Nf2 e3 23. Qxe3 Ne7 24. Nfd3 Nf5 25. Qf2 Bf6 26. Kg1 Bh4 27. g3 Be7 28. Nc5 Ba8
29. Kf1 Qa7 30. c4 Rc8 31. Ncd3 bxc4 32. bxc4 Rfd8 33. Nb4 a5 34. Nc2 Qa6 35.
Ba1 Bf6 36. Qe2 Qb7 37. d5 exd5 38. Rb1 Qc7 39. c5 d4 40. Nd3 Qc6 41. Qf2 Ne3+
42. Nxe3 dxe3 43. Rxe3 Bxa1 44. Rxa1 Bb7 45. Rb1 Ba6 46. Rb6 Qh1+ 47. Ke2 Rxc5
48. Rb2 Rc1 49. Rd2 Rxd3 50. Rexd3 Qe4+ 51. Qe3 Bxd3+ 52. Rxd3 Qg2+ 0-1

[Event "Gibraltar Open"]
[Site "Caleta ENG"]
[Date "2012.02.01"]
[Round "9.46"]
[White "Nuri, Kambez"]
[Black "Zhukova, Natalia"]
[Result "0-1"]
[WhiteTitle "FM"]
[BlackTitle "GM"]
[WhiteElo "2256"]
[BlackElo "2426"]
[WhiteFideId "1311433"]
[BlackFideId "14101513"]
[EventDate "2012.01.24"]

1. e4 d6 2. d4 Nf6 3. Nc3 g6 4. h3 Bg7 5. Nf3 O-O 6. Be3 a6 7. a4 Nc6 8. e5 Nd7
9. e6 fxe6 10. d5 exd5 11. Qxd5+ e6 12. Qxe6+ Kh8 13. Ng5 Nde5 14. Qb3 Nd4 15.
Bxd4 Qxg5 16. Be3 Qf5 17. O-O-O b5 18. g4 Qf6 19. f4 Be6 20. fxe5 Qxe5 21. Nd5
bxa4 22. Qc3 Qxd5 23. Bd4 Bxd4 24. Qxd4+ Qxd4 25. Rxd4 Bd7 26. g5 Rf2 27. h4 Bc6
28. Rg1 Bb5 29. Bh3 Re8 30. Bg4 Re5 31. Rd2 Rf4 32. Rh2 Ree4 33. Rhg2 Kg7 34. h5
gxh5 35. Bxh5 Re5 36. Bd1 Be8 37. Rg3 Bg6 38. Rc3 c5 39. Ra3 d5 40. c3 Be8 41.
Bc2 Rh4 42. b3 axb3 43. Rxb3 Bb5 44. Rxb5 0-1

[Event "Gibraltar Open"]
[Site "Caleta ENG"]
[Date "2012.02.01"]
[Round "9.47"]
[White "Astaneh Lopez, Alex"]
[Black "Loew, Gerald"]
[Result "1-0"]
[WhiteTitle "IM"]
[BlackTitle "FM"]
[WhiteElo "2414"]
[BlackElo "2251"]
[WhiteFideId "2501430"]
[BlackFideId "4615875"]
[EventDate "2012.01.24"]

1. e4 c5 2. Nf3 g6 3. c3 Bg7 4. d4 cxd4 5. cxd4 d5 6. e5 Bg4 7. Bb5+ Nd7 8. O-O
a6 9. Ba4 e6 10. Nbd2 Ne7 11. h3 Bf5 12. Re1 b5 13. Bc2 O-O 14. Nf1 Bxc2 15.
Qxc2 Qb6 16. Bg5 Nf5 17. Rad1 f6 18. exf6 Nxf6 19. g4 Ne4 20. gxf5 Rxf5 21. Rxe4
dxe4 22. Qxe4 Raf8 23. N1h2 Qd6 24. Be3 Qd5 25. Qxd5 exd5 26. Kg2 Rc8 27. Ne1 a5
28. Nf1 b4 29. Ng3 Rf7 30. Ne2 Rc4 31. Rd2 Rfc7 32. Kf1 Rc8 33. Nf4 Rc1 34. Nxd5
Rd8 35. Nb6 Ra1 36. b3 Rd6 37. Na4 Rc6 38. Nc5 Rc8 39. Ke2 Kf7 40. Nb7 Ra8 41.
Nc5 Re8 42. Nf3 h6 43. h4 Bf6 44. Nb7 Ra8 45. Bxh6 a4 46. Ne5+ Bxe5 47. dxe5
axb3 48. axb3 Ke6 49. Nc5+ Kf5 50. Kf3 Rc1 51. Rd5 Rc3+ 52. Be3 Rf8 53. e6+ Kf6
54. Ke4 1-0

[Event "Gibraltar Open"]
[Site "Caleta ENG"]
[Date "2012.02.01"]
[Round "9.48"]
[White "Stone, Andrew M"]
[Black "Nezad, Husein Aziz"]
[Result "1/2-1/2"]
[BlackTitle "IM"]
[WhiteElo "2237"]
[BlackElo "2402"]
[WhiteFideId "404985"]
[BlackFideId "12100293"]
[EventDate "2012.01.24"]

1. c4 e6 2. g3 d5 3. Bg2 Nf6 4. Nf3 Be7 5. O-O O-O 6. b3 b6 7. Bb2 Bb7 8. e3 c5
9. Nc3 dxc4 10. bxc4 Nc6 11. Qe2 Qc7 12. Rac1 a6 13. d4 Na5 14. Nb1 Rfd8 15.
Nbd2 Rac8 16. dxc5 bxc5 17. e4 Nc6 18. e5 Nd7 19. Rfe1 Nb6 20. Ne4 Nb4 21. Rcd1
Bxe4 22. Qxe4 Nxa2 23. h4 Rxd1 24. Rxd1 Na4 25. Ra1 Nxb2 26. Rxa2 Qb6 27. Qc2
Rb8 28. Nd2 a5 29. Be4 h6 30. Qc1 Bd8 31. Bb1 Bc7 32. f4 Qb4 33. Kh2 a4 34. Qc2
Kf8 35. Kh3 Ke7 36. h5 Nxc4 37. Qxc4 Qxc4 38. Nxc4 Rxb1 39. Rxa4 Rb4 40. Ra7 Kd8
41. Nd6 Bxd6 42. exd6 Rd4 43. Rxf7 Rxd6 44. Rxg7 c4 45. Ra7 c3 46. Ra1 Ke7 47.
Rc1 Rc6 48. Kg4 Kd6 49. Kf3 Kd5 50. g4 e5 51. g5 Rc4 52. g6 Rxf4+ 53. Ke3 Rg4
54. Rxc3 Rg3+ 55. Kd2 Rg5 56. Rf3 Ke4 57. Ke2 Rg2+ 58. Rf2 Rg1 59. Rf1 Rg2+ 60.
Rf2 1/2-1/2

[Event "Gibraltar Open"]
[Site "Caleta ENG"]
[Date "2012.02.01"]
[Round "9.51"]
[White "Kuehnast, Volker"]
[Black "Schiller, Eric"]
[Result "1-0"]
[BlackTitle "FM"]
[WhiteElo "1933"]
[BlackElo "2109"]
[WhiteFideId "24653756"]
[BlackFideId "2002973"]
[EventDate "2012.01.24"]

1. e4 c6 2. d4 d5 3. e5 c5 4. c3 Nc6 5. Nf3 Bg4 6. Bb5 e6 7. Nbd2 Qb6 8. Qa4 Ne7
9. dxc5 Qxc5 10. Bxc6+ Qxc6 11. Qxg4 Nf5 12. Nb3 Qa6 13. Nfd4 g6 14. Qe2 Qa4 15.
Qb5+ Qxb5 16. Nxb5 Kd7 17. N5d4 Bg7 18. Nxf5 gxf5 19. Bf4 Rhg8 20. O-O Rac8 21.
Rad1 f6 22. Rfe1 h5 23. Nd2 h4 24. Nf3 Bh8 25. exf6 Bxf6 26. Be5 Bxe5 27. Nxe5+ 1-0

[Event "Gibraltar Open"]
[Site "Caleta ENG"]
[Date "2012.02.01"]
[Round "9.52"]
[White "Adnani, Mokhlis"]
[Black "Valgmae, Toomas"]
[Result "1-0"]
[WhiteElo "2386"]
[BlackElo "2208"]
[WhiteFideId "9000100"]
[BlackFideId "4502523"]
[EventDate "2012.01.24"]

1. g4 d5 2. Bg2 c6 3. g5 e5 4. d4 e4 5. c4 Be6 6. Nc3 h6 7. g6 fxg6 8. h4 Nf6 9.
Bh3 Bf5 10. Qb3 Qb6 11. c5 Qc7 12. Bf4 Qc8 13. Nd1 Nh5 14. Bxf5 gxf5 15. Nh3 Be7
16. Ne3 O-O 17. O-O-O Nd7 18. Rdg1 Kh7 19. Nf1 b6 20. Ng3 Ndf6 21. cxb6 axb6 22.
Be5 Qd7 23. Nxh5 Nxh5 24. Nf4 Nf6 25. Rxg7+ Kxg7 26. Qg3+ Kh8 27. Qg6 Bd8 28.
Qxh6+ Kg8 29. Rg1+ Ng4 30. Qg6+ 1-0

[Event "Gibraltar Open"]
[Site "Caleta ENG"]
[Date "2012.02.01"]
[Round "9.55"]
[White "Coleman, Teddy"]
[Black "Compton, Alistair"]
[Result "1-0"]
[WhiteTitle "FM"]
[WhiteElo "2356"]
[BlackElo "2051"]
[WhiteFideId "2022010"]
[BlackFideId "4300645"]
[EventDate "2012.01.24"]

1. d4 e6 2. c4 d5 3. Nc3 c5 4. cxd5 exd5 5. Nf3 Nc6 6. g3 Nf6 7. Bg2 Be7 8. O-O
O-O 9. b3 Bg4 10. dxc5 Bxc5 11. Bb2 Re8 12. Na4 Bf8 13. Rc1 Ne4 14. a3 Qd7 15.
b4 b5 16. Nc5 Nxc5 17. bxc5 Rad8 18. e3 Re4 19. h3 Bh5 20. g4 Bg6 21. Nd4 Ree8
22. Nxb5 Rb8 23. Qe2 Qb7 24. Nd4 Ne5 25. Ba1 Bd3 26. Qa2 Bc4 27. Rxc4 Nxc4 28.
c6 Qc7 29. Bxd5 Ne5 30. Rc1 Ng6 31. Nf5 Red8 32. Bxf7+ Kh8 33. Bxg6 hxg6 34. Nh6
Bd6 35. Nf7+ Kh7 36. Ng5+ Kh6 37. Nf7+ Kh7 38. Nxd8 Qxd8 39. c7 Bxc7 40. Qf7 1-0

[Event "Gibraltar Open"]
[Site "Caleta ENG"]
[Date "2012.02.01"]
[Round "9.56"]
[White "Henriksson, Johan"]
[Black "Hamer, Martyn"]
[Result "0-1"]
[WhiteElo "2308"]
[BlackElo "2010"]
[WhiteFideId "1703560"]
[BlackFideId "413160"]
[EventDate "2012.01.24"]

1. d4 d5 2. Nf3 Nf6 3. g3 Bf5 4. Bg2 e6 5. O-O Bd6 6. c4 c6 7. Nbd2 h6 8. b3 O-O
9. Bb2 Nbd7 10. Ne1 Bh7 11. Nd3 Qe7 12. Re1 c5 13. dxc5 Nxc5 14. Nxc5 Bxc5 15.
e4 Nxe4 16. Nxe4 dxe4 17. Bxe4 Bxe4 18. Rxe4 Rfd8 19. Qc1 f6 20. a3 a5 21. Bc3
e5 22. Kg2 b6 23. Re2 Rd3 24. Be1 Rxb3 25. Qd1 Qb7+ 26. Kg1 Rxa3 27. Rxa3 Bxa3
28. Qa4 Bc5 29. Rd2 Bd4 30. Rd3 Qe4 31. Qd1 a4 32. Bc3 Bxc3 33. Rxc3 a3 34. f3
Qd4+ 35. Qxd4 exd4 36. Rc1 a2 37. Ra1 Kf7 38. Kf2 Ke6 39. Ke2 Ra3 0-1

[Event "Gibraltar Open"]
[Site "Caleta ENG"]
[Date "2012.02.01"]
[Round "9.57"]
[White "Huschenbeth, Niclas"]
[Black "Zygouris, Hristos"]
[Result "1-0"]
[WhiteTitle "IM"]
[WhiteElo "2518"]
[BlackElo "2205"]
[WhiteFideId "24604747"]
[BlackFideId "4200292"]
[EventDate "2012.01.24"]

1. b3 e5 2. Bb2 d6 3. e3 Nf6 4. c4 g6 5. Nf3 Bg7 6. Be2 Nc6 7. O-O O-O 8. d4 Ne4
9. Nbd2 Nxd2 10. Qxd2 e4 11. Ne1 Qg5 12. Kh1 Re8 13. Nc2 h5 14. f4 exf3 15. gxf3
Bf5 16. Bd3 Bxd3 17. Qxd3 d5 18. Rg1 dxc4 19. bxc4 Qh4 20. Raf1 Rad8 21. Bc3 Kh7
22. Be1 Qe7 23. Qb3 b6 24. Bg3 Na5 25. Qd3 c6 26. Be1 Qc5 27. Bxa5 Qxa5 28. f4
f5 29. Rg2 Qc5 30. Ne1 Qe7 31. Rfg1 Rd6 32. Rg3 Kh6 33. Ng2 h4 34. Rg5 Qe4 35.
Qxe4 Rxe4 36. Nxh4 Rxe3 37. Nxg6 Bxd4 38. Nh4 Rf6 39. Nxf5+ Rxf5 40. Rxf5 Rc3
41. Rg3 Rxc4 42. Rfg5 Rc1+ 43. Kg2 Rc2+ 44. Kh3 Rxa2 45. R5g4 Ra5 46. f5 Rxf5
47. Rxd4 Rh5+ 48. Kg2 1-0

[Event "Gibraltar Open"]
[Site "Caleta ENG"]
[Date "2012.02.01"]
[Round "9.58"]
[White "Getz, Nicolai"]
[Black "Kyas, Juergen"]
[Result "1-0"]
[WhiteTitle "IM"]
[WhiteElo "2408"]
[BlackElo "2195"]
[WhiteFideId "1505572"]
[BlackFideId "4618157"]
[EventDate "2012.01.24"]

1. d4 Nf6 2. c4 g6 3. Nc3 d5 4. Nf3 Bg7 5. e3 O-O 6. cxd5 Nxd5 7. Bc4 Nxc3 8.
bxc3 c5 9. O-O Nc6 10. Ba3 Na5 11. Be2 cxd4 12. cxd4 Be6 13. Qa4 Bd7 14. Qb4 Re8
15. Rac1 e6 16. Qd2 b6 17. Bb4 Nc6 18. Bd6 Bf8 19. Bxf8 Rxf8 20. e4 Na5 21. Qf4
Rc8 22. Rxc8 Bxc8 23. Rc1 Bb7 24. h4 f5 25. exf5 Rxf5 26. Qe3 Qd5 27. Bd3 Rf7
28. Re1 Rf6 29. Rc1 Rf7 30. Bf1 Re7 31. Ne5 Rg7 32. Qf4 h5 33. Qf6 Qxd4 34.
Qxe6+ Kh7 35. Bd3 Be4 36. Rc8 Bxd3 37. Qe8 1-0

[Event "Gibraltar Open"]
[Site "Caleta ENG"]
[Date "2012.02.01"]
[Round "9.59"]
[White "Urbina Perez, Juan Antonio"]
[Black "Karim, Ismael"]
[Result "0-1"]
[WhiteTitle "CM"]
[BlackTitle "IM"]
[WhiteElo "2210"]
[BlackElo "2405"]
[WhiteFideId "2217368"]
[BlackFideId "625736"]
[EventDate "2012.01.24"]

1. e4 e5 2. Nf3 Nc6 3. Bb5 a6 4. Ba4 Nf6 5. Qe2 b5 6. Bb3 Be7 7. c3 d5 8. d3 O-O
9. O-O Re8 10. Rd1 h6 11. Nbd2 Bf8 12. Nf1 Na5 13. Bc2 c5 14. Ng3 d4 15. Bd2 Nc6
16. h3 g6 17. a3 Be6 18. Nh2 Bg7 19. Ng4 Nxg4 20. hxg4 Qh4 21. g5 hxg5 22. Nf1
Bf6 23. f3 g4 24. Be1 gxf3 25. Qxf3 Qf4 26. Bg3 Qxf3 27. gxf3 Kg7 28. Nh2 Bg5
29. Ng4 f6 30. Kg2 Rab8 31. Rab1 Ba2 32. Ra1 Bf7 33. Be1 a5 34. Bd2 Bf4 35. Rac1
Rec8 36. Nf2 Be6 37. Bxf4 exf4 38. Rh1 Ne5 39. Rh2 dxc3 40. bxc3 b4 0-1

[Event "Gibraltar Open"]
[Site "Caleta ENG"]
[Date "2012.02.01"]
[Round "9.60"]
[White "Dolgova, Olga"]
[Black "Bosboom, Manuel"]
[Result "1/2-1/2"]
[WhiteTitle "WIM"]
[BlackTitle "IM"]
[WhiteElo "2206"]
[BlackElo "2394"]
[WhiteFideId "4158296"]
[BlackFideId "1000080"]
[EventDate "2012.01.24"]

1. d4 g6 2. c4 Bg7 3. Nc3 a6 4. Bg5 h6 5. Bf4 c5 6. Nd5 d6 7. dxc5 g5 8. Be3
dxc5 9. Bxc5 Nd7 10. Bd4 e5 11. Bc3 Ne7 12. Bb4 Bf8 13. Bd6 Nxd5 14. Qxd5 Bxd6
15. Qxd6 Qa5+ 16. Qd2 Qc7 17. e3 Nc5 18. Nf3 g4 19. Nh4 Qe7 20. g3 Ne4 21. Qa5
Qf6 22. Bg2 Qxf2+ 23. Kd1 Be6 24. Bxe4 Rd8+ 25. Bd5 Qxb2 26. Rc1 Bxd5 27. cxd5
f5 28. Qc3 Rxd5+ 29. Ke1 Qxa2 30. Nxf5 O-O 31. Ne7+ Kg7 32. Nxd5 Qf2+ 33. Kd1
Qf3+ 34. Kc2 Qxd5 35. Rhd1 Qa2+ 36. Kd3 Qd5+ 37. Kc2 Qa2+ 38. Kd3 Qd5+ 39. Kc2
Qa2+ 1/2-1/2

[Event "Gibraltar Open"]
[Site "Caleta ENG"]
[Date "2012.02.01"]
[Round "9.62"]
[White "De Graaf, Dick"]
[Black "Fenollar Jorda, Manuel"]
[Result "1-0"]
[BlackTitle "FM"]
[WhiteElo "2183"]
[BlackElo "2360"]
[WhiteFideId "1005677"]
[BlackFideId "2217104"]
[EventDate "2012.01.24"]

1. e4 e5 2. Nf3 Nc6 3. Bc4 Bc5 4. O-O Nf6 5. d3 d6 6. c3 Bb6 7. Bb3 O-O 8. Nbd2
Ne7 9. Nc4 Ng6 10. Nxb6 axb6 11. h3 Nh5 12. d4 Qe8 13. Nxe5 dxe5 14. Qxh5 exd4
15. Re1 dxc3 16. f4 cxb2 17. Bxb2 Nxf4 18. Qf3 Ne6 19. Rad1 Qe7 20. Rd5 Ra5 21.
Qg3 f6 22. Kh1 c6 23. Rf5 Kh8 24. e5 fxe5 25. Rfxe5 Rxe5 26. Qxe5 Re8 27. Rf1 c5
28. Qh5 Rf8 29. Re1 Qc7 30. Bc2 h6 31. Qxh6+ Kg8 32. Bh7+ Kf7 33. Qg6+ Ke7 34.
Qxg7+ Rf7 35. Qg5+ Kf8 36. Qg8+ Ke7 37. Bg6 Rf8 38. Qg7+ Kd8 39. Bf6+ Rxf6 40.
Qxf6+ Qe7 41. Qe5 Qf8 42. Bf5 Nd4 43. Bxc8 Kxc8 44. h4 Kd7 45. Qd5+ Kc7 46. Qe5+
Kd7 47. Qg3 b5 48. Re5 b4 49. Kh2 Kc6 50. Qg6+ Kb5 51. Qe8+ Qxe8 52. Rxe8 c4 53.
h5 b3 54. axb3 cxb3 55. h6 Nc2 56. Re7 b6 57. h7 b2 58. h8=Q b1=Q 59. Re5+ Kc4
60. Qg8+ Kc3 61. Qg3+ Kc4 62. Re6 Nb4 63. Qc7+ Kd5 64. Rd6+ Ke4 65. Qh7+ 1-0

[Event "Gibraltar Open"]
[Site "Caleta ENG"]
[Date "2012.02.01"]
[Round "9.64"]
[White "Gislason, Gudmundur"]
[Black "Scheckenbach, Franz"]
[Result "1-0"]
[WhiteElo "2332"]
[BlackElo "2182"]
[WhiteFideId "2300559"]
[BlackFideId "4635647"]
[EventDate "2012.01.24"]

1. d4 d5 2. c4 e6 3. Nc3 c5 4. cxd5 exd5 5. Nf3 Nc6 6. g3 Nf6 7. Bg2 Be7 8. O-O
O-O 9. dxc5 Bxc5 10. Na4 Be7 11. b3 Re8 12. Bb2 Bg4 13. Rc1 Qa5 14. h3 Be6 15.
e3 Ne4 16. a3 Rac8 17. b4 Qa6 18. Re1 b6 19. Rxc6 Rxc6 20. b5 Qxb5 21. Nd4 Qc4
22. Bf1 Qa2 23. Nxc6 Bxa3 24. Qa1 Qxa1 25. Rxa1 1-0

[Event "Gibraltar Open"]
[Site "Caleta ENG"]
[Date "2012.02.01"]
[Round "9.67"]
[White "Daoudi, Kamal"]
[Black "Georgiadis, Nico"]
[Result "0-1"]
[BlackTitle "FM"]
[WhiteElo "2165"]
[BlackElo "2291"]
[WhiteFideId "9001069"]
[BlackFideId "1300113"]
[EventDate "2012.01.24"]

1. e4 c5 2. Nf3 g6 3. c3 d5 4. exd5 Qxd5 5. d4 Nf6 6. Be2 Bg7 7. O-O O-O 8. Re1
Nc6 9. c4 Qd8 10. d5 Nb4 11. a3 Na6 12. Nc3 Nc7 13. Be3 b6 14. Qd2 Nce8 15. Ne5
Bb7 16. Bf3 Nd6 17. b4 Nfe8 18. Bh6 Bxe5 19. Bxf8 Bf6 20. Bh6 Nxc4 21. Qd3 Ne5
22. Qe3 Nd6 23. Be4 Ng4 0-1

[Event "Gibraltar Open"]
[Site "Caleta ENG"]
[Date "2012.02.01"]
[Round "9.68"]
[White "Vinas Guerrero, Carlos A."]
[Black "Adrian, Claude"]
[Result "1/2-1/2"]
[BlackTitle "IM"]
[WhiteElo "2160"]
[BlackElo "2271"]
[WhiteFideId "2216868"]
[BlackFideId "601071"]
[EventDate "2012.01.24"]

1. e4 e6 2. d4 d5 3. e5 c5 4. c3 Nc6 5. Nf3 Nge7 6. a3 Nf5 7. b4 cxd4 8. cxd4
Qb6 9. Bb2 Be7 10. Bd3 a5 11. Bxf5 exf5 12. Nc3 Be6 13. Qa4 O-O 14. b5 Rfc8 15.
O-O Nb8 16. Qb3 Qd8 17. Rac1 Nd7 18. Na4 Nb6 19. Nxb6 Qxb6 20. a4 Rc4 21. Ba3
Bxa3 22. Qxa3 Rac8 23. Rxc4 dxc4 24. Qc3 Bd5 25. Nd2 Qg6 26. f3 b6 27. Re1 h5
28. Kf2 Qg5 29. Nb1 Qh4+ 30. Kg1 Qe7 31. Qe3 Qe6 32. Nc3 Rd8 1/2-1/2

[Event "Gibraltar Open"]
[Site "Caleta ENG"]
[Date "2012.02.01"]
[Round "9.69"]
[White "Samu, Sorin-Mihai"]
[Black "Bisby, Daniel L"]
[Result "0-1"]
[BlackTitle "FM"]
[WhiteElo "2156"]
[BlackElo "2264"]
[WhiteFideId "1210165"]
[BlackFideId "404586"]
[EventDate "2012.01.24"]

1. c4 g6 2. Nc3 Bg7 3. g3 c5 4. Bg2 Nc6 5. e3 a6 6. Nge2 b5 7. O-O Rb8 8. cxb5
axb5 9. d4 b4 10. Na4 cxd4 11. Nxd4 Nxd4 12. exd4 Nf6 13. Nc5 O-O 14. Bf4 d6 15.
Nb3 Nh5 16. Bg5 Bb7 17. Re1 Re8 18. Qd2 Bxg2 19. Kxg2 Rb5 20. f3 Nf6 21. Be3 Qa8
22. Nc1 Rf5 23. Rf1 e5 24. h3 exd4 25. Bxd4 Ne4 26. Qd1 Bxd4 27. Qxd4 Rd5 28.
Qg1 Rd2+ 29. Kh1 Ng5 30. Nb3 Nxf3 31. Nxd2 Nxg1+ 32. Kxg1 Re3 33. Kf2 Rd3 34.
Rad1 Qd5 35. Ke2 Rxg3 36. Rf3 Rg2+ 37. Ke3 Qe5+ 38. Kd3 Qe2+ 0-1

[Event "Gibraltar Open"]
[Site "Caleta ENG"]
[Date "2012.02.01"]
[Round "9.71"]
[White "Kulkarni, Rakesh"]
[Black "Amos, Frank"]
[Result "1-0"]
[WhiteElo "2252"]
[BlackElo "2171"]
[WhiteFideId "5037077"]
[BlackFideId "4635442"]
[EventDate "2012.01.24"]

1. e4 e5 2. Nf3 Nc6 3. Bc4 Bc5 4. b4 Bxb4 5. c3 Bd6 6. d4 Qf6 7. h4 h5 8. Ng5
Nh6 9. f4 exd4 10. e5 Nxe5 11. fxe5 Bxe5 12. Rf1 Bg3+ 13. Kd2 dxc3+ 14. Kc2 Qg6+
15. Bd3 Qd6 16. Ba3 Qe5 17. Nf3 Qe3 18. Nxc3 c6 19. Ng5 d6 20. Rf3 Ng4 21. Nxf7
O-O 22. Nxd6 Rxf3 23. Qxf3 Be6 24. Nf5 Qxf3 25. Ne7+ Kf7 26. Bg6+ Kf6 27. gxf3
Ne3+ 28. Kd3 1-0

[Event "Gibraltar Open"]
[Site "Caleta ENG"]
[Date "2012.02.01"]
[Round "9.72"]
[White "Seyfried, Claus"]
[Black "Vaarala, Eric"]
[Result "1/2-1/2"]
[WhiteElo "2141"]
[BlackElo "2238"]
[WhiteFideId "1271085"]
[BlackFideId "1711962"]
[EventDate "2012.01.24"]

1. e4 c5 2. c3 d5 3. exd5 Qxd5 4. d4 Nf6 5. Nf3 Bg4 6. dxc5 Qxd1+ 7. Kxd1 e5 8.
b4 e4 9. h3 Bh5 10. g4 Nxg4 11. hxg4 Bxg4 12. Nd2 Nc6 13. Kc2 exf3 14. Nc4 Be7
15. Bd3 O-O-O 16. Bf4 g5 17. Bd6 Be6 18. Bg3 h5 19. b5 h4 20. Nd6+ Bxd6 21. Bxd6
Rxd6 22. cxd6 Ne5 23. a4 g4 24. a5 Nxd3 25. Kxd3 Kd7 26. Kd4 Kxd6 27. c4 Rh5 28.
Rac1 1/2-1/2

[Event "Gibraltar Open"]
[Site "Caleta ENG"]
[Date "2012.02.01"]
[Round "9.73"]
[White "Choukri, Adel"]
[Black "Al-Tamimi, Hamad"]
[Result "1/2-1/2"]
[WhiteElo "2115"]
[BlackElo "2237"]
[WhiteFideId "9000399"]
[BlackFideId "12100285"]
[EventDate "2012.01.24"]

1. d4 d5 2. Nf3 Nf6 3. g3 e6 4. Bg2 Be7 5. O-O O-O 6. Bg5 Nbd7 7. Nbd2 b6 8. c3
Bb7 9. Qc2 c5 10. Ne5 Rc8 11. e3 Nxe5 12. dxe5 Ng4 13. Bxe7 Qxe7 14. Nf3 Qc7 15.
Qa4 Nxe5 16. Nxe5 Qxe5 17. Qxa7 Qc7 18. Qa4 Rfd8 19. Rfd1 Bc6 20. Qg4 Rd7 21.
Rd2 Rcd8 22. Rad1 h6 23. a3 Bb5 24. Bf1 Bxf1 25. Kxf1 Qc6 26. Qf3 Qb5+ 27. Qe2
Qa4 28. Qd3 Rd6 29. Qc2 Qc4+ 30. Kg1 R6d7 1/2-1/2

[Event "Gibraltar Open"]
[Site "Caleta ENG"]
[Date "2012.02.01"]
[Round "9.75"]
[White "Reppen, Ellisiv"]
[Black "Dunn, Andrew"]
[Result "1/2-1/2"]
[BlackTitle "CM"]
[WhiteElo "1948"]
[BlackElo "2233"]
[WhiteFideId "1504959"]
[BlackFideId "401960"]
[EventDate "2012.01.24"]

1. e4 c6 2. d4 d5 3. Nc3 dxe4 4. Nxe4 Nf6 5. Nxf6+ exf6 6. Nf3 Bd6 7. Be2 O-O 8.
O-O Be6 9. c4 Re8 10. Bd2 Nd7 11. b4 Nf8 12. a4 Ng6 13. Re1 Bf5 14. Qb3 Qc7 15.
Rac1 Be4 16. h3 Rad8 17. d5 Bf4 18. Bxf4 Nxf4 19. dxc6 Qxc6 20. c5 Nxe2+ 21.
Rxe2 Bxf3 22. Rxe8+ Rxe8 23. Qxf3 Qxf3 24. gxf3 Kf8 25. c6 bxc6 26. Rxc6 Rb8 27.
b5 Rb7 28. Rc8+ Ke7 29. Rh8 h6 30. Rh7 Kf8 31. Rh8+ Ke7 32. Rh7 Kf8 33. Rh8+ Ke7
34. Rh7 Kf8 1/2-1/2

[Event "Gibraltar Open"]
[Site "Caleta ENG"]
[Date "2012.02.01"]
[Round "9.76"]
[White "Benmesbah, Natacha"]
[Black "Ranaivoharisoa, Alain"]
[Result "0-1"]
[WhiteTitle "WIM"]
[WhiteElo "2228"]
[BlackElo "2135"]
[WhiteFideId "642002"]
[BlackFideId "13100025"]
[EventDate "2012.01.24"]

1. e4 c5 2. Nf3 d6 3. d4 cxd4 4. Nxd4 Nf6 5. Nc3 a6 6. Be3 e5 7. Nf3 Qc7 8. a4
Be6 9. g3 Nbd7 10. Bg2 Be7 11. O-O h6 12. a5 Rc8 13. Qd2 Ng4 14. Rfd1 Nxe3 15.
Qxe3 O-O 16. Ne1 Nf6 17. h3 Qc5 18. Qxc5 Rxc5 19. Rdb1 Bd8 20. Na4 Rxa5 21. b4
Rb5 22. Bf1 Nxe4 23. c4 Rb6 24. Nxb6 Bxb6 25. Kg2 Bd4 26. Ra5 Nd2 27. Rd1 Nxf1
28. Kxf1 Bxc4+ 29. Kg1 Rd8 30. Rc1 d5 31. Nf3 Bb6 32. Ra3 f6 33. Nd2 Bb5 34.
Rac3 Kf7 35. g4 e4 36. Rg3 g6 37. h4 f5 38. gxf5 gxf5 39. h5 e3 40. fxe3 f4 41.
Rg2 fxe3 42. Nf3 Re8 43. Kh2 e2 44. Rg6 Re6 45. Rxe6 Kxe6 46. Rc8 Be3 47. Kg2 d4
48. Ne1 Kd7 49. Rg8 d3 50. Rg7+ Kc8 51. Rg8+ Kc7 0-1

[Event "Gibraltar Open"]
[Site "Caleta ENG"]
[Date "2012.02.01"]
[Round "9.77"]
[White "Lind, Jan-Olof"]
[Black "Osuna Vega, Enrique"]
[Result "1-0"]
[BlackTitle "CM"]
[WhiteElo "2219"]
[BlackElo "2122"]
[WhiteFideId "1701193"]
[BlackFideId "2219549"]
[EventDate "2012.01.24"]

1. e4 Nf6 2. d3 e5 3. Nf3 Nc6 4. Be2 d5 5. Nbd2 Bc5 6. O-O O-O 7. c3 a5 8. b3 d4
9. Bb2 Re8 10. a3 b6 11. b4 dxc3 12. Bxc3 axb4 13. axb4 Rxa1 14. Qxa1 Bxb4 15.
Bxb4 Nxb4 16. Qc3 Qe7 17. Nc4 Nc6 18. Nxb6 Nd4 19. Nxd4 cxb6 20. Nc6 Qc7 21. Rc1
Bb7 22. Nb4 Qd6 23. Bf1 g6 24. Qc7 Qxc7 25. Rxc7 Rb8 26. Re7 Ng4 27. Be2 Kf8 28.
Rc7 Nf6 29. g3 Ne8 30. Rd7 h5 31. f4 exf4 32. gxf4 Ng7 33. Kf2 Ne6 34. Ke3 Nc5
35. Rd6 Ba8 36. Bf3 Ke7 37. e5 b5 38. d4 Ne6 39. Bc6 Ng7 40. Rd7+ Kf8 41. d5
Nf5+ 42. Ke4 h4 43. Ra7 Bxc6 44. dxc6 Ne7 45. Kd4 Rd8+ 46. Kc5 Nxc6 47. Kxc6 Rd4
48. Nd5 b4 49. Rb7 Rd2 50. Rxb4 Rxh2 51. Rb8+ Kg7 52. Nf6 Rd2 53. Rg8+ Kh6 54.
Rh8+ Kg7 55. Rh7+ Kf8 56. Rxh4 Ke7 57. f5 Kf8 58. fxg6 fxg6 59. Rh7 Ra2 60. e6
Ra6+ 61. Kd5 Ra5+ 62. Kc4 1-0

[Event "Gibraltar Open"]
[Site "Caleta ENG"]
[Date "2012.02.01"]
[Round "9.79"]
[White "Spence, David J"]
[Black "Mihajlov, Sebastian"]
[Result "1/2-1/2"]
[WhiteElo "2213"]
[BlackElo "1974"]
[WhiteFideId "407429"]
[BlackFideId "1512110"]
[EventDate "2012.01.24"]

1. e4 e5 2. Nf3 Nc6 3. Bc4 Bc5 4. c3 Nf6 5. d3 d6 6. Nbd2 O-O 7. h3 a6 8. Bb3 h6
9. Nf1 Ne7 10. Nh4 Be6 11. Ng3 d5 12. Qf3 Nh7 13. Nhf5 dxe4 14. dxe4 Bxb3 15.
axb3 Nxf5 16. exf5 c6 17. Ne4 Be7 18. Be3 Nf6 19. Rd1 Qc7 20. g4 Rad8 21. Rxd8
Rxd8 22. Nxf6+ Bxf6 23. h4 e4 24. Qxe4 Qd7 25. Qf3 Qd3 26. g5 Qb1+ 27. Ke2 Qd3+
28. Ke1 1/2-1/2